Search the Library Catalogue
| 000 -LEADER | |
|---|---|
| fixed length control field | 00769nam a2200217Ia 4500 |
| 008 - FIXED-LENGTH DATA ELEMENTS--GENERAL INFORMATION | |
| fixed length control field | 191130s1992##################000#0#eng## |
| 020 ## - INTERNATIONAL STANDARD BOOK NUMBER | |
| ISBN | 9781852781965 |
| 082 ## - DEWEY DECIMAL CLASSIFICATION NUMBER | |
| Classification number | 338.9 LAL.4 |
| 245 ## - TITLE STATEMENT | |
| Title | Development economics |
| Statement of responsibility, etc | edited by Deepak Lal |
| 260 ## - PUBLICATION, DISTRIBUTION, ETC. (IMPRINT) | |
| Place of publication | Aldershot, Hants, England ; Brookfield, Vt., USA : Brookfield, Vt., USA |
| Name of publisher | Distributed in the U.S. by Ashgate Pub. Co., E. Elgar Pub |
| Year of publication | 1992 |
| 300 ## - PHYSICAL DESCRIPTION | |
| Number of Pages | 4 v. : ill. ; 26 cm |
| 500 ## - GENERAL NOTE | |
| General note | Includes bibliographical references and indexes |
| 650 ## - SUBJECT ADDED ENTRY--TOPICAL TERM | |
| Topical Term | Development economics |
| Topical Term | Economic development |
| 700 ## - ADDED ENTRY--PERSONAL NAME | |
| Personal name | Lal, Deepak |
| 991 ## - | |
| -- | 193109 |
| Withdrawn status | Lost status | Damaged status | Not for loan | Home library | Current library | Shelving location | Date acquired | Full call number | Accession Number | Price effective from | Koha item type |
|---|---|---|---|---|---|---|---|---|---|---|---|
| Anna Centenary Library | Anna Centenary Library | 4TH FLOOR, A WING | 13.10.2020 | 338.9 LAL.4 | 151873 | 13.10.2020 | English Books | ||||
| Anna Centenary Library | Anna Centenary Library | 4TH FLOOR, A WING | 13.10.2020 | 338.9 LAL.4 | 151874 | 13.10.2020 | English Books | ||||
| Anna Centenary Library | Anna Centenary Library | 4TH FLOOR, A WING | 13.10.2020 | 338.9 LAL.4 | 358568 | 13.10.2020 | English Books | ||||
| Anna Centenary Library | Anna Centenary Library | 4TH FLOOR, A WING | 13.10.2020 | 338.9 LAL.4 | 358569 | 13.10.2020 | English Books | ||||
| Anna Centenary Library | Anna Centenary Library | 4TH FLOOR, A WING | 13.10.2020 | 338.9 LAL.4 | 358570 | 13.10.2020 | English Books | ||||
| Anna Centenary Library | Anna Centenary Library | 4TH FLOOR, A WING | 13.10.2020 | 338.9 LAL.4 | 358571 | 13.10.2020 | English Books |